| 000 | 00993nam a22002417a 4500 | ||
|---|---|---|---|
| 005 | 20150617123326.0 | ||
| 008 | 150306b mx ||||| |||| 00| 0 spa d | ||
| 020 | _a9682314453 | ||
| 050 | 0 | 4 |
_aHQ1465 .M49 _bA77 1988 |
| 100 | 1 |
_aArrom, Silvia Marina, _d[1949- ] |
|
| 245 | 1 | 4 |
_aLas Mujeres de la ciudad de México, 1790-1857 / _cSilvia Marina Arrom ; traducción de Stella Mastrangelo. |
| 250 | _a1a. ed. | ||
| 260 |
_aMéxico : _bSiglo Veintiuno Editores, _c1988. |
||
| 300 |
_a382 p. : _bil. ; _c21 cm. |
||
| 490 | _aHistoria | ||
| 500 | _aNota : Título original : the women of mexico city, 1790-1857. | ||
| 504 | _aBibliografía: p. [355]-368, apéndice e índice | ||
| 650 | 7 |
_2LEMB _aMujeres _xHistoria _zMéxico (Ciudad) _ySiglos XVIII-XIX |
|
| 650 | 7 |
_2LEMB _aMujeres _xCondiciones sociales _zMéxico (Ciudad) _ySiglos XVIII-XIX |
|
| 650 | 7 |
_2LEMB _aMujeres _xCondiciones económicas _zMéxico (Ciudad) _ySiglos XVIII-XIX |
|
| 700 | 1 |
_aMastrangelo, Stella, _etr. |
|
| 942 |
_2lcc _cLIB |
||
| 999 |
_c89618 _d89618 |
||